000 004520000a22001690004500
003 MACL
005 20151229165625.0
008 151229b xxu||||| |||| 00| 0 eng d
040 _aMACL
_cMACL
041 _aEnglish
082 _a181.4/SIN
100 _aSinha, Charu Chandra
_924327
245 _aThe Problems of Hindu Philosophy
260 _bEastern Publishing Company
_c1912
_aCalcutta
650 _aPhilosophy
_924328
942 _cBK
_k181.4/SIN
_2ddc
999 _c37696
_d37696